中国地方の国鉄行先(1968年) - Statistics

General Stats
  • This quiz has been taken 203 times
  • The average score is 49 of 105
Answer Stats
駅名 % Correct
岡山
98%
97%
下関
94%
広島
94%
福山
94%
出雲市
93%
岩国
93%
鳥取
93%
倉敷
92%
92%
三原
92%
米子
92%
松江
91%
新見
89%
津山
86%
徳山
86%
小郡
85%
浜田
85%
宇部
84%
益田
84%
三次
84%
倉吉
83%
備中高梁
83%
山口
83%
備後落合
82%
宇野
81%
境港
81%
長門市
81%
総社
79%
糸崎
78%
小野田
78%
厚狭
75%
可部
74%
茶屋町
69%
津和野
68%
府中
68%
宍道
67%
仙崎
67%
東萩
67%
西条
66%
宇部新川
65%
木次
63%
柳井
62%
中国勝山
61%
長門本山
59%
竹原
57%
防府
54%
若桜
52%
出雲横田
47%
根雨
46%
海田市
44%
小串
43%
生山
43%
三石
43%
備前片上
41%
備中高松
40%
雀田
39%
大社
38%
錦町
36%
神辺
32%
福渡
32%
吉永
32%
五日市
31%
石見川本
30%
大嶺
30%
南岩国
30%
美作加茂
30%
南大嶺
27%
上下
26%
宮野
26%
加計
25%
法界院
20%
浜原
18%
吉舎
17%
口羽
17%
志和口
17%
宇部岬
14%
金川
14%
周防高森
14%
滝部
14%
那岐
14%
本郷
13%
西岩国
10%
梅林
10%
山守
10%
人丸
8%
上井
7%
石見江津
7%
厚東
6%
関金
6%
石見大田
5%
古市橋
5%
美作土居
5%
須佐
4%
長門三隅
4%
長門湯本
4%
奈古
4%
備後三川
3%
河佐
2%
月田
2%
吉見
2%
河山
1%
式敷
1%
富原
0%
八川
0%
No matching quizzes found
Score Distribution
Percent of People with Each Score
Percentile by Number Answered
Your Score History
You have not taken this quiz